| 000 | 00544nam a22001817a 4500 | ||
|---|---|---|---|
| 003 | NUST | ||
| 038 | _aNusrat Nadeem | ||
| 040 | _cCentral Library | ||
| 082 | _aBICSE-6 ZAK | ||
| 100 |
_aZakirullah,M.Saim Khan. _991942 |
||
| 245 | _aDesign And Implementation of Electronic Prescribing System | ||
| 260 |
_aIslamabad, _bNUST SEECS, _c2012 |
||
| 300 |
_a96,pages. _bHB, _c25,cm. |
||
| 563 | _aHB. | ||
| 700 |
_aSupervisor : Dr. Hafiz Farooq Ahmad _991943 |
||
| 856 | _uhttp://10.250.8.41:8080/xmlui/handle/123456789/29143 | ||
| 942 |
_2ddc _cTHE |
||
| 999 |
_c590060 _d590060 |
||